[Event "NCA-ch sf"]
[Site "Managua"]
[Date "2023.02.05"]
[Round "5.15"]
[White "Munoz Cortez, Jonathan Eduardo"]
[Black "Lopez Masis, Kenard Evans"]
[Result "1-0"]
[WhiteElo "1327"]
[BlackElo "1573"]
[PlyCount "77"]
[EventDate "2023.01.28"]
[EventType "swiss"]
[EventRounds "9"]
[EventCountry "NCA"]
[SourceTitle "CBM 213 Extra"]
[Source "ChessBase"]
[SourceDate "2023.05.31"]
[SourceVersion "1"]
[SourceVersionDate "2023.05.31"]
[SourceQuality "1"]

1. e4 e6 2. d4 d5 3. exd5 exd5 4. Nf3 Bd6 5. c4 c6 6. c5 Bc7 7. Bd3 Ne7 8. 0-0 Bg4 9. Bg5 f6 10. Bh4 Nd7 11. Nbd2 Bf4 12. Qc2 Nf8 13. Rfe1 Qc7 14. Bg3 Bxg3 15. fxg3 0-0-0 16. b4 g6 17. a4 Bf5 18. Bxf5+ gxf5 19. Re2 Nfg6 20. Rae1 h5 21. Nh4 Qd7 22. Re6 Nxh4 23. Rxe7 Rhe8 24. Rxd7 Rxe1+ 25. Kf2 Rde8 26. gxh4 R1e2+ 27. Kf3 Kxd7 28. Qxf5+ R8e6 29. Nf1 R2e4 30. Ng3 Re1 31. Qxh5 b6 32. Qf5 bxc5 33. bxc5 Rd1 34. h5 Rxd4 35. h6 Rh4 36. h7 Ke7 37. Nh5 Rhe4 38. h8Q Re3+ 39. Kg4 1-0

[Event "NCA-ch sf"]
[Site "Managua"]
[Date "2023.01.29"]
[Round "2.9"]
[White "Munoz Cortez, Jonathan Eduardo"]
[Black "Quintanilla, Marvin"]
[Result "1/2-1/2"]
[WhiteElo "1327"]
[BlackElo "1880"]
[PlyCount "35"]
[EventDate "2023.01.28"]
[EventType "swiss"]
[EventRounds "9"]
[EventCountry "NCA"]
[SourceTitle "CBM 213 Extra"]
[Source "ChessBase"]
[SourceDate "2023.05.31"]
[SourceVersion "1"]
[SourceVersionDate "2023.05.31"]
[SourceQuality "1"]

1. e4 c6 2. d4 d5 3. exd5 cxd5 4. Nf3 Nc6 5. c4 Nf6 6. Nc3 g6 7. Bg5 Bg7 8. Bxf6 Bxf6 9. cxd5 Nb8 10. Rc1 0-0 11. Be2 Nd7 12. 0-0 Nb6 13. Qb3 e6 14. Bc4 Nxc4 15. Qxc4 exd5 16. Qxd5 Be6 17. Qxd8 Rfxd8 18. Rfd1 1/2-1/2

[Event "NCA-ch U20"]
[Site "Managua"]
[Date "2021.06.27"]
[Round "3"]
[White "Espinoza Solano, Jose Nahum"]
[Black "Munoz Cortez, Jonathan Eduardo"]
[Result "1-0"]
[WhiteElo "2114"]
[BlackElo "1337"]
[PlyCount "57"]
[EventDate "2021.06.26"]
[EventType "swiss"]
[EventRounds "9"]
[EventCountry "NCA"]
[SourceTitle "EXT 2022"]
[Source "ChessBase"]
[SourceDate "2021.10.06"]
[SourceVersion "1"]
[SourceVersionDate "2021.10.06"]
[SourceQuality "1"]

1. e4 e5 2. f4 d6 3. Nf3 Nc6 4. Bc4 Be6 5. Bxe6 fxe6 6. fxe5 Nxe5 7. 0-0 Nxf3+ 8. Qxf3 Nf6 9. d4 e5 10. Bg5 Be7 11. Qb3 b6 12. Nc3 Rf8 13. dxe5 dxe5 14. Rad1 Bd6 15. Nd5 Qd7 16. Bxf6 gxf6 17. Rxf6 0-0-0 18. Kh1 Qg7 19. Rxf8 Rxf8 20. Qh3+ Kb8 21. Ne3 Bc5 22. Nf5 Qf7 23. a3 Qc4 24. Qd3 Qg8 25. b4 Bd4 26. c3 Bf2 27. Qe2 Rd8 28. Rf1 Qb3 29. Qxf2 1-0

[Event "NCA-ch U20"]
[Site "Managua"]
[Date "2021.06.27"]
[Round "4"]
[White "Munoz Cortez, Jonathan Eduardo"]
[Black "Garcia Montoya, Anderson Steven"]
[Result "0-1"]
[WhiteElo "1337"]
[BlackElo "1265"]
[PlyCount "78"]
[EventDate "2021.06.26"]
[EventType "swiss"]
[EventRounds "9"]
[EventCountry "NCA"]
[SourceTitle "EXT 2022"]
[Source "ChessBase"]
[SourceDate "2021.10.06"]
[SourceVersion "1"]
[SourceVersionDate "2021.10.06"]
[SourceQuality "1"]

1. e4 e6 2. d4 d5 3. exd5 exd5 4. Nf3 Bg4 5. Be2 Nd7 6. Nc3 Ngf6 7. Bg5 c6 8. h3 Bh5 9. 0-0 Bb4 10. Bd2 0-0 11. Re1 Qb6 12. Be3 Ne4 13. Qd3 Bg6 14. Nh4 Nxf2 15. Qd2 Ne4 16. Qd3 Nxc3 17. Nxg6 Nxe2+ 18. Qxe2 Bxe1 19. Ne7+ Kh8 20. Rxe1 Rae8 21. Nf5 g6 22. Nh4 Re4 23. Nf3 Rfe8 24. Qd2 f5 25. g3 Qxb2 26. Ng5 R4e7 27. Qf2 Nb6 28. Bd2 Rxe1+ 29. Bxe1 Qc1 30. Nf3 Qe3 31. Ne5 Qxf2+ 32. Bxf2 Nc4 33. Nf7+ Kg7 34. Ng5 Re2 35. c3 Rxa2 36. Ne6+ Kg8 37. Nd8 Rb2 38. Kg2 a5 39. Kf3 a4 0-1